The Green business guide : directory of service industrial and foreign trade companies in Egypt.
| Format: | Book |
|---|---|
| Published: |
Cairo:
International Trade Consulting,
1999.
|
| Subjects: |
| LEADER | 00475cam a2200133 7i4500 | ||
|---|---|---|---|
| 001 | 0000007453 | ||
| 005 | 20000309090000.0 | ||
| 090 | 0 | 0 | |a EGPT 338.7025 |b GRE |
| 245 | 0 | 4 | |a The Green business guide : |b directory of service industrial and foreign trade companies in Egypt. |
| 260 | 0 | 0 | |a Cairo: |b International Trade Consulting, |c 1999. |
| 300 | # | # | |a 1113 p. |
| 650 | 0 | 0 | |a Business -- |x Directories -- |z Egypt |
| 651 | 0 | 0 | |a Egypt |
| 999 | |a B000011275 |b Directories |c Countries |e Business Information Centre | ||